000 00259nam a2200121Ia 4500
008 221030s9999 xx 000 0 und d
041 _aEnglish
082 _bMBA
245 0 _aBusiness Research Methods
_bCD
260 _c2016
650 _aBook
942 _cCD
999 _c17191
_d17191